| 000 | 00546nam a22001697a 4500 | ||
|---|---|---|---|
| 082 |
_aP-827 _cSyn-28 |
||
| 100 |
_aMaj Muhammad Adnan Hanif _951576 |
||
| 245 | _aEnhancement of cyclic performance of masonry structures using various confining techniques | ||
| 260 |
_aRisalpur, _bMCE, _c2019. |
||
| 300 |
_a49p. _bill. _c30cm. |
||
| 526 |
_a0 _b0 _c0 _dP_827 |
||
| 700 |
_aImam Ul Huda Muhammad _951577 |
||
| 700 |
_aMaj Dr Muhammad Rizwan _948119 |
||
| 700 |
_aUsama Muhammad Altaf _951578 |
||
| 710 |
_aMuhammad Aslam _951579 |
||
| 942 |
_2ddc _cBK |
||
| 999 |
_c554238 _d554238 |
||